000 00274nmm a2200097Ia 4500
008 220120s9999||||xx |||||||||||||||||und||
082 _a00 5.133 BON
100 _aBondy, Richard
_93557
245 0 _aCryptography for visual basic: aprogrammers guide to the mic
260 _c2002
999 _c139024
_d139024